| 000 | 00701nam a2200265Ia 4500 | ||
|---|---|---|---|
| 005 | 20250425162324.0 | ||
| 008 | 250425s9999 xx 000 0 und d | ||
| 020 | _a9789586826792 | ||
| 041 | _aspa | ||
| 082 | _a629.2 | ||
| 100 | _aRUIZ ROSALES, SANTIAGO | ||
| 245 | 0 | _aMOTORES: PRACTICAS DE MOTORES DE COMBUSTION | |
| 250 | _a1A ED. | ||
| 260 | _aMEXICO | ||
| 260 |
_aMéxico _bALFAOMEGA _c2005 |
||
| 300 | _a250 | ||
| 650 | _aENSAYOS DE LABORATORIO | ||
| 650 | _aMOTORES DE COMBUSTION INTERNA | ||
| 650 | _aMOTORES TERMICOS | ||
| 650 | _aSISTEMAS DE ENCENDIDO | ||
| 650 | _aTECNOLOGIA AUTOMOVILISTICA | ||
| 700 | _aBERMUDES TAMARIT, VICENTE | ||
| 942 | _c01 | ||
| 010 | _a62141 | ||
| 999 |
_c226841 _d226841 |
||